书目信息 |
| 题名: |
高等数学
|
|
| 作者: | 褚宝增 , 陈兆斗 主编 | |
| 分册: | 上册 | |
| 出版信息: | 北京 北京大学出版社 2008.08 |
|
| 页数: | 254页 | |
| 开本: | 23cm | |
| 丛书名: | ||
| 单 册: | ||
| 中图分类: | O13 | |
| 科图分类: | ||
| 主题词: | 高等数学--gao deng shu xue--高等学校--教材 | |
| 电子资源: | ||
| ISBN: | 978-7-301-13535-8 | |
| 000 | 00875nam0 2200253 450 | |
| 001 | 012009946771 | |
| 005 | 20090428182137.22 | |
| 010 | @a978-7-301-13535-8@dCNY26.00 | |
| 100 | @a20090428d2008 em y0chi0120 ea | |
| 101 | 0 | @achi |
| 102 | @aCN@b110000 | |
| 105 | @aa z 000yy | |
| 106 | @ar | |
| 200 | 1 | @a高等数学@Agao deng shu xue@h上册@f褚宝增, 陈兆斗主编@Fzhu bao zeng,chen zhao dou zhu bian |
| 210 | @a北京@c北京大学出版社@d2008.08 | |
| 215 | @a254页@c图@d23cm | |
| 300 | @a21世纪高等院校工科类数学教材 | |
| 330 | @a本书共分六章,主要内容包括:极限、导数与微分、微分中值定理与导数应用、不定积分、定积分及其应用、常微分方程等。 | |
| 606 | 0 | @a高等数学@Agao deng shu xue@x高等学校@j教材 |
| 690 | @aO13@v4 | |
| 701 | 0 | @a褚宝增@Azhu bao zeng@4主编 |
| 701 | 0 | @a陈兆斗@Achen zhao dou@4主编 |
| 801 | 0 | @aCN@bQSSK@c20090428 |
| 905 | @b737955-57@dO13@eC901:1@f3 | |
| 高等数学.上册/褚宝增, 陈兆斗主编.-北京:北京大学出版社,2008.08 |
| 254页:图;23cm |
| 21世纪高等院校工科类数学教材 |
| ISBN 978-7-301-13535-8:CNY26.00 |
| 本书共分六章,主要内容包括:极限、导数与微分、微分中值定理与导数应用、不定积分、定积分及其应用、常微分方程等。 |
| ● |
| 相关链接 |
|
|
|
正题名:高等数学
索取号:O13/C901:1
 
预约/预借
| 序号 | 登录号 | 条形码 | 馆藏地/架位号 | 状态 | 备注 |
| 1 | 737955 | 207379558 | 自科库401/401自科库 106排2列4层/ [索取号:O13/C901:1] | 在馆 | |
| 2 | 737956 | 207379567 | 自科库401/401自科库 106排2列4层/ [索取号:O13/C901:1] | 在馆 | |
| 3 | 737957 | 207379576 | 自科库401/401自科库 106排2列4层/ [索取号:O13/C901:1] | 在馆 |